00376nam a2200097Ia 4500008004100000041000800041100002700049245013200076260005100208999001900259241105s9999 xx 000 0 und d aeng aSawant Pranita9181645 aAn Integrated Landscape Approach Tostrengthen Livelihoods For Rural Agrarian Communities Arou nd MksssSite In Dhagewadi, Satara bBNCA M Arch Landscape ArchitectureaPunec2023 c362074d362074